| 000 | 01047cam a22003257a 4500 | ||
|---|---|---|---|
| 999 |
_c6432 _d6432 |
||
| 001 | 14522950 | ||
| 003 | OSt | ||
| 005 | 20200121104510.0 | ||
| 008 | 060828s2004 enk b 001 0 eng | ||
| 010 | _a 2004112580 | ||
| 015 |
_aGBA4Y8228 _2bnb |
||
| 016 | 7 |
_a007714517 _2Uk |
|
| 020 | _a0745617085 | ||
| 020 | _a0745617093 (pbk.) | ||
| 035 | _a(CStRLIN)PASGA2791922-B | ||
| 035 | _a(PSt) (Sirsi) a2791922 | ||
| 040 |
_aUKM _cUKM _dXLM _dC#P _dDLC |
||
| 042 | _alccopycat | ||
| 050 | 0 | 0 | _b.M595 2004 |
| 082 | 0 | 4 |
_a306.43 _222 _bMOO 2004 |
| 100 | 1 |
_aMoore, Rob, _d1946- _913196 |
|
| 245 | 1 | 0 |
_aEducation and society : _bissues and explanations in the sociology of education / _cRob Moore. |
| 260 |
_aCambridge ; _aMalden, MA : _bPolity, _c2004. |
||
| 300 |
_a196 p. ; _c24 cm. |
||
| 504 | _aIncludes bibliographical references (p. [180]-188) and index. | ||
| 650 | 0 |
_aEducational sociology. _97615 |
|
| 906 |
_a7 _bcbc _ccopycat _d2 _eepcn _f20 _gy-gencatlg |
||
| 942 |
_2ddc _cO_SHELF |
||